[Event "SLO-chT1 East 29th"]
[Site "Slovenia"]
[Date "2019.10.19"]
[Round "8.4"]
[White "Ivanussa, Bogomir"]
[Black "Benko, Bostjan"]
[Result "1/2-1/2"]
[WhiteElo "2097"]
[BlackElo "1932"]
[PlyCount "106"]
[EventDate "2019.09.06"]
[EventType "team-tourn"]
[EventRounds "9"]
[EventCountry "SLO"]
[SourceTitle "CBM 192 Extra"]
[Source "Chessbase"]
[SourceDate "2019.11.06"]
[SourceVersion "1"]
[SourceVersionDate "2019.11.06"]
[SourceQuality "1"]
[WhiteTeam "Fram"]
[BlackTeam "Zagorje ob Savi"]
[WhiteTeamCountry "SLO"]
[BlackTeamCountry "SLO"]

1. e4 c5 2. Nf3 g6 3. g3 Bg7 4. Nc3 Nc6 5. Bg2 d6 6. d3 e6 7. Be3 Nd4 8. Qd2 Ne7 9. Nh4 Nec6 10. 0-0 0-0 11. Nd1 Qa5 12. Qxa5 Nxa5 13. c3 Nc2 14. Rc1 Nxe3 15. Nxe3 Nc6 16. f4 Rb8 17. Rfd1 Rd8 18. Nf3 d5 19. exd5 exd5 20. d4 c4 21. Rc2 b5 22. a3 a5 23. Ne5 Ne7 24. Kf2 Be6 25. g4 f6 26. Nf3 b4 27. axb4 axb4 28. Re1 Kf7 29. Rce2 Bf8 30. Nxc4 dxc4 31. Rxe6 bxc3 32. bxc3 Nd5 33. g5 Rb2+ 34. R6e2 Rxe2+ 35. Rxe2 Nxc3 36. Rc2 Bb4 37. Bf1 Ne4+ 38. Ke3 Nd6 39. Bxc4+ Kg7 40. gxf6+ Kxf6 41. Bd3 Nf5+ 42. Bxf5 Kxf5 43. Ne5 h6 44. h3 Bd6 45. Rb2 g5 46. Rf2 gxf4+ 47. Rxf4+ Ke6 48. Ke4 Bc7 49. Rg4 Bxe5 50. dxe5 Kf7 51. Kf5 Rd3 52. Rh4 Kg7 53. Ke6 Kg6 1/2-1/2

[Event "SLO-chT1 East"]
[Site "Slovenia"]
[Date "2019.09.06"]
[Round "1.3"]
[White "Brilej, Jaka"]
[Black "Ivanussa, Bogomir"]
[Result "1/2-1/2"]
[WhiteElo "2177"]
[BlackElo "2097"]
[PlyCount "74"]
[EventDate "2019.09.06"]
[EventType "team-tourn"]
[EventRounds "9"]
[EventCountry "SLO"]
[SourceTitle "EXT 2020"]
[Source "ChessBase"]
[SourceDate "2019.10.17"]
[SourceVersion "1"]
[SourceVersionDate "2019.10.17"]
[SourceQuality "1"]
[WhiteTeam "Celjski"]
[BlackTeam "Fram"]
[WhiteTeamCountry "SLO"]
[BlackTeamCountry "SLO"]

1. e4 c5 2. Nf3 Nc6 3. d4 cxd4 4. Nxd4 Qc7 5. Nc3 e6 6. Be3 a6 7. Qd2 Nf6 8. 0-0-0 Bb4 9. f3 d5 10. a3 Bxc3 11. Qxc3 dxe4 12. fxe4 0-0 13. Nxc6 Nxe4 14. Qe5 Qxc6 15. Bd3 f5 16. Bxe4 Qxe4 17. Qxe4 fxe4 18. Rd4 b5 19. Rxe4 Rf6 20. Rd1 Bb7 21. Rg4 Bd5 22. Bc5 Rc8 23. b4 Rc7 24. Kb2 Rcf7 25. a4 Rf4 26. Rxf4 Rxf4 27. axb5 axb5 28. g3 Rf3 29. Ra1 Kf7 30. Ra5 Bc4 31. Bd4 Kg6 32. Ra8 h5 33. Re8 Rf7 34. Rh8 Rd7 35. Bc3 Ra7 36. Rf8 Re7 37. Be5 Rd7 1/2-1/2

[Event "SLO-chT2 East"]
[Site "Slovenia"]
[Date "2015.09.19"]
[Round "2"]
[White "Ivanussa, Bogomir"]
[Black "Tolic, Mato"]
[Result "0-1"]
[WhiteElo "2166"]
[BlackElo "1889"]
[PlyCount "132"]
[EventDate "2015.09.05"]
[EventType "team-tourn"]
[EventRounds "9"]
[EventCountry "SLO"]
[SourceTitle "EXT 2019"]
[Source "ChessBase"]
[SourceDate "2018.10.10"]
[SourceVersion "1"]
[SourceVersionDate "2018.10.10"]
[SourceQuality "1"]
[WhiteTeam "Fram"]
[BlackTeam "Malecnik"]
[WhiteTeamCountry "SLO"]
[BlackTeamCountry "SLO"]

1. e4 c5 2. Nf3 e6 3. g3 Nc6 4. Bg2 Nf6 5. Nc3 a6 6. 0-0 Be7 7. e5 Nd5 8. Ne4 Qc7 9. Re1 0-0 10. d3 f5 11. Nc3 Nxc3 12. bxc3 b5 13. Bf4 Rb8 14. a4 h6 15. h4 Qd8 16. axb5 axb5 17. Qd2 Kh7 18. h5 Qe8 19. Qe2 Kh8 20. Nd2 b4 21. c4 Nd4 22. Qd1 Bg5 23. Be3 Bxe3 24. fxe3 Nc6 25. Bxc6 dxc6 26. Nb3 Qe7 27. Qf3 Qc7 28. Qf4 Qf7 29. Kf2 Qe7 30. Ra5 Bb7 31. Nxc5 Ra8 32. Rea1 Rxa5 33. Rxa5 Ra8 34. Rxa8+ Bxa8 35. d4 Bb7 36. Qh4 Qxh4 37. gxh4 Bc8 38. Kf3 Kg8 39. Kf4 Kf7 40. Nd3 Ba6 41. Nxb4 Bxc4 42. Nxc6 Be2 43. Na5 Bxh5 44. c4 Be2 45. d5 Ke7 46. d6+ Kd7 47. c5 Bb5 48. h5 Ba4 49. e4 fxe4 50. Kxe4 Bb5 51. c6+ Bxc6+ 52. Nxc6 Kxc6 53. Kd4 Kb6 54. d7 Kc7 55. Kc5 Kxd7 56. Kb6 Kd8 57. Kc6 Ke7 58. Kc7 g5 59. hxg6 h5 60. g7 Kf7 61. Kd7 h4 62. g8Q+ Kxg8 63. Kxe6 h3 64. Kd7 h2 65. e6 h1Q 66. e7 Qd5+ 0-1

[Event "SLO-chT2 East"]
[Site "Slovenia"]
[Date "2015.09.05"]
[Round "1"]
[White "Ivekovic, Zvonimir"]
[Black "Ivanussa, Bogomir"]
[Result "1-0"]
[WhiteElo "2330"]
[BlackElo "2166"]
[PlyCount "97"]
[EventDate "2015.09.05"]
[EventType "team-tourn"]
[EventRounds "9"]
[EventCountry "SLO"]
[SourceTitle "EXT 2019"]
[Source "ChessBase"]
[SourceDate "2018.10.10"]
[SourceVersion "1"]
[SourceVersionDate "2018.10.10"]
[SourceQuality "1"]
[WhiteTeam "Brezice"]
[BlackTeam "Fram"]
[WhiteTeamCountry "SLO"]
[BlackTeamCountry "SLO"]

1. e4 c5 2. Nf3 Nc6 3. d4 cxd4 4. Nxd4 Nf6 5. Nc3 Qc7 6. Bg5 e6 7. Ndb5 Qb8 8. Qf3 a6 9. Bxf6 gxf6 10. Na3 b5 11. Qxf6 Rg8 12. Nd1 Bb7 13. c3 Ne5 14. f3 d5 15. exd5 Bxd5 16. Ne3 Bxf3 17. gxf3 Bg7 18. Rg1 Nd7 19. Qd4 Bxd4 20. Rxg8+ Nf8 21. cxd4 Qf4 22. Nac2 Rc8 23. Rg4 Qh6 24. f4 f5 25. Rg2 Qxf4 26. Re2 Qh4+ 27. Kd2 Kf7 28. Rae1 Ng6 29. Ng2 Qg5+ 30. Kd1 e5 31. h4 Qh6 32. h5 Qxh5 33. Kc1 exd4 34. Rf2 Kg8 35. Kb1 Qg4 36. Bd3 Qg3 37. Rd2 f4 38. Rf1 f3 39. Nge1 Rf8 40. Nxd4 f2 41. Nec2 Ne5 42. Bf5 Ng4 43. Bxg4 Qxg4 44. a3 Qg2 45. Ne3 Qe4+ 46. Ndc2 Rf3 47. Re2 a5 48. Rexf2 Rxe3 49. Rg1+ 1-0

[Event "SLO-chT2 East"]
[Site "Slovenia"]
[Date "2014.11.15"]
[Round "8"]
[White "Ivanussa, Bogomir"]
[Black "Kajnih, Danilo"]
[Result "1/2-1/2"]
[WhiteElo "2213"]
[BlackElo "2170"]
[PlyCount "65"]
[EventDate "2014.09.13"]
[EventType "team-tourn"]
[EventRounds "9"]
[EventCountry "SLO"]
[SourceTitle "EXT 2019"]
[Source "ChessBase"]
[SourceDate "2018.10.10"]
[SourceVersion "1"]
[SourceVersionDate "2018.10.10"]
[SourceQuality "1"]
[WhiteTeam "Fram"]
[BlackTeam "Maribor ZSK III"]
[WhiteTeamCountry "SLO"]
[BlackTeamCountry "SLO"]

1. e4 c6 2. d4 d5 3. exd5 cxd5 4. Bd3 e6 5. c3 Nf6 6. Ne2 Be7 7. 0-0 Nc6 8. h3 Bd7 9. b4 Rc8 10. Bf4 0-0 11. Nd2 Ne8 12. Nb3 Bd6 13. Nc5 Bxc5 14. bxc5 Na5 15. Qc2 h6 16. Rfb1 Bc6 17. Rb4 Nc4 18. a4 a5 19. Rbb1 Qe7 20. Re1 Ra8 21. Bg3 Qd7 22. Nf4 Nf6 23. f3 Rfe8 24. Bf1 e5 25. dxe5 Nxe5 26. Nd3 Nxd3 27. Rxe8+ Rxe8 28. Bxd3 Qe7 29. Kh2 Bd7 30. Re1 Qd8 31. Rxe8+ Nxe8 32. c4 Nf6 33. Qc3 1/2-1/2

[Event "SLO-chT2 East"]
[Site "Slovenia"]
[Date "2014.09.27"]
[Round "3"]
[White "Psenicnik, Zoran"]
[Black "Ivanussa, Bogomir"]
[Result "1-0"]
[WhiteElo "2101"]
[BlackElo "2213"]
[PlyCount "57"]
[EventDate "2014.09.13"]
[EventType "team-tourn"]
[EventRounds "9"]
[EventCountry "SLO"]
[SourceTitle "EXT 2019"]
[Source "ChessBase"]
[SourceDate "2018.10.10"]
[SourceVersion "1"]
[SourceVersionDate "2018.10.10"]
[SourceQuality "1"]
[WhiteTeam "Dravograd"]
[BlackTeam "Fram"]
[WhiteTeamCountry "SLO"]
[BlackTeamCountry "SLO"]

1. e4 c5 2. Nf3 Nc6 3. Bb5 Na5 4. 0-0 a6 5. Be2 b5 6. c3 Bb7 7. b4 cxb4 8. cxb4 Nc4 9. a4 e6 10. Qb3 d5 11. d3 dxe4 12. dxc4 bxc4 13. Bxc4 exf3 14. Rd1 Qb6 15. a5 Qxb4 16. Qd3 Nf6 17. Ba3 Qxa5 18. Bxf8 Qg5 19. g3 Rxf8 20. Bxa6 Qd5 21. Bxb7 Qxb7 22. Rxa8+ Qxa8 23. Qb5+ Ke7 24. Qc5+ Ke8 25. Nc3 Qa6 26. Qc7 Nd5 27. Nxd5 exd5 28. Rb1 Qa8 29. Rb8+ 1-0

[Event "SLO-chT2 Ost"]
[Site "Slovenia"]
[Date "2010.10.09"]
[Round "7"]
[White "Florjancic, Rudolf"]
[Black "Ivanussa, Bogomir"]
[Result "1/2-1/2"]
[WhiteElo "1988"]
[BlackElo "2206"]
[PlyCount "71"]
[EventDate "2010.05.29"]
[EventType "team-tourn"]
[EventRounds "9"]
[EventCountry "SLO"]
[SourceTitle "EXT 2022"]
[Source "ChessBase"]
[SourceDate "2021.10.06"]
[SourceVersion "1"]
[SourceVersionDate "2021.10.06"]
[SourceQuality "1"]

1. e4 c5 2. Nf3 Nc6 3. d4 cxd4 4. Nxd4 Qc7 5. Nc3 e6 6. a3 a6 7. Be2 Nf6 8. 0-0 b5 9. Be3 Bb7 10. Nxc6 Bxc6 11. Bd3 d5 12. exd5 Nxd5 13. Nxd5 Bxd5 14. Qe2 Qc6 15. f4 Bc5 16. Rf2 0-0 17. Re1 g6 18. Bxc5 Qxc5 19. Qe3 Rac8 20. Qxc5 Rxc5 21. Rfe2 Rb8 22. c3 f5 23. Re5 Kf7 24. Kf2 a5 25. Be2 Rc6 26. Bf3 Bxf3 27. Kxf3 b4 28. axb4 axb4 29. c4 Rxc4 30. Rxe6 Rb7 31. R6e5 b3 32. R1e2 Rc2 33. R5e3 h5 34. h4 Rc6 35. g3 Rd6 36. Rc3 1/2-1/2

[Event "SLO-chT2 Ost"]
[Site "Slovenia"]
[Date "2010.09.25"]
[Round "6"]
[White "Kajnih, Danilo"]
[Black "Ivanussa, Bogomir"]
[Result "1/2-1/2"]
[WhiteElo "2189"]
[BlackElo "2206"]
[PlyCount "28"]
[EventDate "2010.05.29"]
[EventType "team-tourn"]
[EventRounds "9"]
[EventCountry "SLO"]
[SourceTitle "EXT 2022"]
[Source "ChessBase"]
[SourceDate "2021.10.06"]
[SourceVersion "1"]
[SourceVersionDate "2021.10.06"]
[SourceQuality "1"]

1. c4 g6 2. Nc3 Bg7 3. g3 Nf6 4. Bg2 c6 5. e4 d6 6. Nge2 0-0 7. 0-0 e5 8. d3 h6 9. Rb1 a5 10. a3 Kh7 11. b4 axb4 12. axb4 Na6 13. b5 Nc5 14. h3 Ne6 1/2-1/2

[Event "SLO-chT2 Ost"]
[Site "Slovenia"]
[Date "2010.06.05"]
[Round "4"]
[White "Ivanussa, Bogomir"]
[Black "Vucko, Joze"]
[Result "1/2-1/2"]
[WhiteElo "2206"]
[BlackElo "2011"]
[PlyCount "34"]
[EventDate "2010.05.29"]
[EventType "team-tourn"]
[EventRounds "9"]
[EventCountry "SLO"]
[SourceTitle "EXT 2022"]
[Source "ChessBase"]
[SourceDate "2021.10.06"]
[SourceVersion "1"]
[SourceVersionDate "2021.10.06"]
[SourceQuality "1"]

1. e4 e5 2. Nf3 Nc6 3. d4 exd4 4. c3 dxc3 5. Bc4 Nh6 6. Nxc3 Bb4 7. 0-0 Bxc3 8. bxc3 d6 9. Bg5 Qd7 10. Bxh6 gxh6 11. Qd2 Qg4 12. Nd4 Ne5 13. Bb5+ Ke7 14. Qxh6 a6 15. f4 Rg8 16. Rf2 Rg6 17. Qxh7 Rg7 1/2-1/2

[Event "SLO-chT2 Ost"]
[Site "Slovenia"]
[Date "2010.06.05"]
[Round "3"]
[White "Ivekovic, Mario"]
[Black "Ivanussa, Bogomir"]
[Result "0-1"]
[WhiteElo "2257"]
[BlackElo "2206"]
[PlyCount "62"]
[EventDate "2010.05.29"]
[EventType "team-tourn"]
[EventRounds "9"]
[EventCountry "SLO"]
[SourceTitle "EXT 2022"]
[Source "ChessBase"]
[SourceDate "2021.10.06"]
[SourceVersion "1"]
[SourceVersionDate "2021.10.06"]
[SourceQuality "1"]

1. Nf3 c5 2. g3 Nc6 3. Bg2 g6 4. 0-0 Bg7 5. c3 d5 6. d4 cxd4 7. cxd4 Nf6 8. Nc3 0-0 9. Ne5 Nxe5 10. dxe5 Ng4 11. Qxd5 Nxe5 12. Rd1 Qb6 13. Qb5 Qxb5 14. Nxb5 Nc6 15. Rb1 Bf5 16. e4 Be6 17. b3 Rac8 18. Bb2 a6 19. Na3 Nb4 20. Bxg7 Kxg7 21. Rd2 b5 22. Re1 Rfd8 23. Rde2 Rc7 24. f3 Rd3 25. Kf1 h5 26. h4 Kh6 27. Kg1 Rc5 28. Nb1 Nc6 29. Nd2 Nd4 30. Rf2 a5 31. Bf1 Rxd2 0-1

[Event "SLO-chT2 Ost"]
[Site "Maribor"]
[Date "2009.09.05"]
[Round "6"]
[White "Ivanussa, Bogomir"]
[Black "Recnik, Gregor"]
[Result "1-0"]
[WhiteElo "2219"]
[BlackElo "2014"]
[PlyCount "73"]
[EventDate "2009.05.30"]
[EventType "team-tourn"]
[EventRounds "9"]
[EventCountry "SLO"]
[SourceTitle "EXT 2022"]
[Source "ChessBase"]
[SourceDate "2021.10.06"]
[SourceVersion "1"]
[SourceVersionDate "2021.10.06"]
[SourceQuality "1"]

1. e4 c5 2. Nf3 d6 3. Nc3 g6 4. g3 Bg7 5. Bg2 Nc6 6. d3 Bd7 7. Be3 Rb8 8. Qd2 b5 9. 0-0 b4 10. Nd1 h5 11. h3 Qc8 12. Kh2 Nd4 13. Nh4 e5 14. c3 Nc6 15. f4 Nce7 16. d4 cxd4 17. cxd4 f5 18. exf5 Nxf5 19. Nxf5 Bxf5 20. dxe5 dxe5 21. Bxa7 e4 22. Bxb8 Qxb8 23. Ne3 Nf6 24. Nd5 0-0 25. Nxf6+ Bxf6 26. Qe2 Re8 27. Rac1 Qd6 28. Rfd1 Qe6 29. Rc4 Bxb2 30. Rxb4 Bc3 31. Rc4 Ba5 32. Rc5 Qb6 33. Re5 Rxe5 34. fxe5 e3 35. g4 hxg4 36. hxg4 Bc8 37. Rd6 1-0

[Event "SLO-chT2 Ost"]
[Site "Maribor"]
[Date "2009.06.06"]
[Round "3"]
[White "Ivanussa, Bogomir"]
[Black "Krajnc, Oto"]
[Result "1-0"]
[WhiteElo "2219"]
[BlackElo "2050"]
[PlyCount "76"]
[EventDate "2009.05.30"]
[EventType "team-tourn"]
[EventRounds "9"]
[EventCountry "SLO"]
[SourceTitle "EXT 2022"]
[Source "ChessBase"]
[SourceDate "2021.10.06"]
[SourceVersion "1"]
[SourceVersionDate "2021.10.06"]
[SourceQuality "1"]

1. e4 d6 2. d4 Nf6 3. Nc3 Nbd7 4. Be3 e5 5. d5 Be7 6. f3 c5 7. a4 0-0 8. g4 Ne8 9. Qd2 Bh4+ 10. Bf2 Bg5 11. Qd3 Bh4 12. Qe3 a6 13. a5 b5 14. axb6 Nxb6 15. b3 g6 16. Bxh4 Qxh4+ 17. Qf2 Qxf2+ 18. Kxf2 f5 19. gxf5 gxf5 20. Ke3 Nf6 21. Bh3 Nh5 22. Bxf5 Bxf5 23. exf5 Nf4 24. Rd1 Rxf5 25. Nge2 Nh3 26. Ng3 Rf6 27. Nce4 Rg6 28. Rd2 Nf4 29. c4 Rb8 30. Ra2 Nc8 31. Nd2 Ne7 32. Rxa6 h5 33. Rha1 h4 34. Ra8 Rxa8 35. Rxa8+ Kf7 36. Nde4 hxg3 37. hxg3 Nf5+ 38. Kf2 Nd3+ 1-0

[Event "SLO-chT2 East"]
[Site "Brezice Maribor"]
[Date "2008.06.07"]
[Round "3"]
[White "Perus, Danilo"]
[Black "Ivanussa, Bogomir"]
[Result "1-0"]
[WhiteElo "2317"]
[BlackElo "2219"]
[PlyCount "51"]
[EventDate "2008.10.24"]
[EventType "team-tourn"]
[EventRounds "9"]
[EventCountry "SLO"]
[SourceTitle "EXT 2010"]
[Source "ChessBase"]
[SourceDate "2010.11.25"]
[SourceVersion "1"]
[SourceVersionDate "2010.11.25"]
[SourceQuality "1"]

1. e4 c5 2. Nf3 Nc6 3. d4 cxd4 4. Nxd4 Qc7 5. Nc3 e6 6. Be2 a6 7. 0-0 Nf6 8. Be3 b5 9. a3 Nxd4 10. Qxd4 e5 11. Qd3 h6 12. f4 d6 13. fxe5 dxe5 14. Rxf6 gxf6 15. Nd5 Qc6 16. a4 b4 17. c3 b3 18. Rd1 Bc5 19. Nxf6+ Kf8 20. Nd5 Be6 21. Kh1 Bxe3 22. Qxe3 Rd8 23. c4 Qxa4 24. h3 a5 25. Rf1 Rb8 26. Qa7 1-0

[Event "SLO-chT2 East"]
[Site "Brezice Maribor"]
[Date "2008.05.24"]
[Round "2"]
[White "Ivanussa, Bogomir"]
[Black "Florjancic, Rudolf"]
[Result "1-0"]
[WhiteElo "2219"]
[BlackElo "2023"]
[PlyCount "45"]
[EventDate "2008.10.24"]
[EventType "team-tourn"]
[EventRounds "9"]
[EventCountry "SLO"]
[SourceTitle "EXT 2010"]
[Source "ChessBase"]
[SourceDate "2010.11.25"]
[SourceVersion "1"]
[SourceVersionDate "2010.11.25"]
[SourceQuality "1"]

1. e4 c5 2. Nf3 Nc6 3. Nc3 d6 4. g3 Nf6 5. Bg2 e6 6. 0-0 Be7 7. h3 0-0 8. d4 cxd4 9. Nxd4 Bd7 10. Be3 a6 11. a4 Qc7 12. Qd2 Ne5 13. b3 Rac8 14. Nce2 d5 15. f4 Nc6 16. exd5 Nxd5 17. Nxc6 Bxc6 18. Bd4 Bf6 19. b4 Bxd4+ 20. Nxd4 Ne7 21. Nxc6 Nxc6 22. Qc3 b6 23. Kh2 1-0

[Event "SLO-chT2 East"]
[Site "Brezice Maribor"]
[Date "2007.09.08"]
[Round "5"]
[White "Ivanussa, Bogomir"]
[Black "Brumen, Dinko"]
[Result "0-1"]
[WhiteElo "2219"]
[BlackElo "2367"]
[PlyCount "64"]
[EventDate "2007.05.26"]
[EventType "team-tourn"]
[EventRounds "9"]
[EventCountry "SLO"]
[SourceTitle "EXT 2010"]
[Source "ChessBase"]
[SourceDate "2010.11.25"]
[SourceVersion "1"]
[SourceVersionDate "2010.11.25"]
[SourceQuality "1"]

1. e4 e6 2. d4 d5 3. exd5 exd5 4. Bd3 Nc6 5. c3 Bd6 6. Ne2 Nge7 7. Qc2 Bg4 8. 0-0 Qd7 9. f4 Bf5 10. Nd2 0-0-0 11. b4 h5 12. a4 h4 13. a5 Bxd3 14. Qxd3 Qf5 15. Qxf5+ Nxf5 16. b5 Nce7 17. Nf3 f6 18. Bd2 Rde8 19. Kf2 Ng6 20. Rab1 Re4 21. g4 Nh6 22. h3 Nxf4 23. Nxf4 Bxf4 24. Bxf4 Rxf4 25. Rbe1 f5 26. gxf5 Nxf5 27. Rg1 Ng3 28. Ke3 Re4+ 29. Kd3 Rhe8 30. Nxh4 Rxe1 31. Rxg3 Rh1 32. Ng6 Rb1 0-1

[Event "SLO-chT2 East"]
[Site "Velenje"]
[Date "2005.10.13"]
[Round "5"]
[White "Ivanussa, Bogomir"]
[Black "Supancic, Gorazd"]
[Result "1-0"]
[WhiteElo "2219"]
[BlackElo "2025"]
[PlyCount "63"]
[EventDate "2005.05.27"]
[EventType "team"]
[EventRounds "9"]
[EventCountry "SLO"]
[SourceTitle "EXT 2009"]
[Source "ChessBase"]
[SourceDate "2008.11.26"]
[SourceVersion "1"]
[SourceVersionDate "2008.11.26"]
[SourceQuality "1"]

1. e4 c5 2. Nf3 Nc6 3. Nc3 g6 4. g3 Bg7 5. Bg2 d6 6. 0-0 Nf6 7. d3 0-0 8. h3 Rb8 9. Be3 e5 10. Qd2 Be6 11. Nh4 Nh5 12. Bg5 Bf6 13. Bxf6 Qxf6 14. Nd5 Bxd5 15. exd5 Ne7 16. c4 g5 17. Nf3 h6 18. Nh2 Qg6 19. Qa5 f5 20. Qxa7 Nf6 21. Qb6 Rfd8 22. Rae1 f4 23. Be4 Qg7 24. gxf4 gxf4+ 25. Kh1 Kh8 26. Rg1 Qf7 27. f3 h5 28. Rg5 Rg8 29. Qxd6 Rxg5 30. Qxb8+ Neg8 31. h4 Rg7 32. Qxe5 1-0

[Event "SLO-chT2 East"]
[Site "Velenje"]
[Date "2005.05.27"]
[Round "1"]
[White "Ivanussa, Bogomir"]
[Black "Kristan, Drago"]
[Result "0-1"]
[WhiteElo "2219"]
[BlackElo "2084"]
[PlyCount "58"]
[EventDate "2005.05.27"]
[EventType "team"]
[EventRounds "9"]
[EventCountry "SLO"]
[SourceTitle "EXT 2009"]
[Source "ChessBase"]
[SourceDate "2008.11.26"]
[SourceVersion "1"]
[SourceVersionDate "2008.11.26"]
[SourceQuality "1"]

1. e4 c5 2. Nf3 a6 3. Nc3 e6 4. g3 b5 5. Bg2 Bb7 6. d3 Nf6 7. 0-0 Be7 8. e5 Nd5 9. Ne4 Qc7 10. c4 Nb6 11. Qe2 h6 12. h4 Nc6 13. Bf4 Nc8 14. cxb5 axb5 15. Rfc1 Qb6 16. a3 0-0 17. Rc2 Nb4 18. Rcc1 Nd5 19. Bd2 Na7 20. Nh2 Nc6 21. Qh5 f5 22. exf6 Nxf6 23. Nxf6+ Bxf6 24. Rxc5 Bxb2 25. Rf1 Nd4 26. Bxb7 Qxb7 27. Be3 Nf5 28. Rb1 Bd4 29. Rbxb5 Qa7 0-1

[Event "SLO-chT Cup"]
[Site "Gostovanja"]
[Date "2004.05.16"]
[Round "2.1"]
[White "Ivanussa, Bogomir"]
[Black "Sebenik, Matej"]
[Result "0-1"]
[WhiteElo "2223"]
[BlackElo "2437"]
[PlyCount "56"]
[EventDate "2004.04.18"]
[EventType "team"]
[EventRounds "4"]
[EventCountry "SLO"]
[SourceTitle "EXT 2008"]
[Source "ChessBase"]
[SourceDate "2007.11.25"]
[SourceVersion "1"]
[SourceVersionDate "2007.11.25"]
[SourceQuality "1"]

1. e4 e5 2. Nf3 d6 3. d4 exd4 4. c3 Nf6 5. Bg5 dxc3 6. Bxf6 Qxf6 7. Nxc3 c6 8. Qd2 Be7 9. Nd4 g5 10. Be2 h5 11. h3 Be6 12. Qe3 Nd7 13. g3 Nb6 14. 0-0-0 0-0-0 15. f4 gxf4 16. gxf4 Qh6 17. Qf2 c5 18. Ndb5 a6 19. Na3 d5 20. exd5 Nxd5 21. Nxd5 Bxd5 22. Rhe1 Bd6 23. Kb1 Qxf4 24. Qg1 Rhg8 25. Qf1 Be4+ 26. Ka1 Qxf1 27. Rxf1 Bg6 28. Bc4 Rgf8 0-1

[Event "SLO Cup final"]
[Site "Rogla"]
[Date "2002.06.09"]
[Round "4"]
[White "Furlan, Miha"]
[Black "Ivanussa, Bogomir"]
[Result "0-1"]
[WhiteElo "2325"]
[BlackElo "2150"]
[PlyCount "106"]
[EventDate "2002.06.07"]
[EventType "swiss"]
[EventRounds "5"]
[EventCountry "SLO"]
[SourceTitle "EXT 2008"]
[Source "ChessBase"]
[SourceDate "2007.11.25"]
[SourceVersion "1"]
[SourceVersionDate "2007.11.25"]
[SourceQuality "1"]

1. e4 c5 2. Nf3 Nc6 3. d4 cxd4 4. Nxd4 e5 5. Nb5 a6 6. Nd6+ Bxd6 7. Qxd6 Qf6 8. Qd1 Qg6 9. Nc3 Nf6 10. Qd6 Ng4 11. Qxg6 hxg6 12. Nd5 Rb8 13. f3 Nf6 14. Ne3 b5 15. b3 d6 16. Ba3 Ke7 17. Rd1 Rd8 18. c4 Be6 19. Kf2 b4 20. Bb2 Nd7 21. Bd3 Nc5 22. Bc2 a5 23. g3 a4 24. Nd5+ Bxd5 25. cxd5 axb3 26. axb3 Na5 27. Rb1 Naxb3 28. Bxb3 Nxb3 29. Ke2 Nc5 30. Rhc1 Rb5 31. Ra1 Rd7 32. Ra8 f6 33. h4 Rbb7 34. Rca1 Rd8 35. Rxd8 Kxd8 36. Ra8+ Kc7 37. g4 Rb8 38. Ra7+ Rb7 39. Ra8 Rb8 40. Ra7+ Rb7 41. Ra8 Kb6 42. Kd2 Kb5 43. Rd8 Rb6 44. Ra8 Rb7 45. Rd8 Rd7 46. Rc8 Ra7 47. Kc2 Kc4 48. h5 gxh5 49. gxh5 b3+ 50. Kd2 Ra2 51. Kc1 Kd3 52. Kb1 Na4 53. Bc1 Rf2 0-1